<?xml version="1.0" encoding="UTF-8"?><?xml-stylesheet type="text/xsl" href="static/style.xsl"?><OAI-PMH xmlns="http://www.openarchives.org/OAI/2.0/" xmlns:xsi="http://www.w3.org/2001/XMLSchema-instance" xsi:schemaLocation="http://www.openarchives.org/OAI/2.0/ http://www.openarchives.org/OAI/2.0/OAI-PMH.xsd"><responseDate>2026-04-13T12:35:45Z</responseDate><request verb="GetRecord" identifier="oai:www.recercat.cat:10230/48301" metadataPrefix="marc">https://recercat.cat/oai/request</request><GetRecord><record><header><identifier>oai:recercat.cat:10230/48301</identifier><datestamp>2025-12-25T01:07:29Z</datestamp><setSpec>com_2072_6</setSpec><setSpec>col_2072_452953</setSpec></header><metadata><record xmlns="http://www.loc.gov/MARC21/slim" xmlns:dcterms="http://purl.org/dc/terms/" xmlns:xsi="http://www.w3.org/2001/XMLSchema-instance" xmlns:doc="http://www.lyncode.com/xoai" xsi:schemaLocation="http://www.loc.gov/MARC21/slim http://www.loc.gov/standards/marcxml/schema/MARC21slim.xsd">
   <leader>00925njm 22002777a 4500</leader>
   <datafield ind2=" " ind1=" " tag="042">
      <subfield code="a">dc</subfield>
   </datafield>
   <datafield ind2=" " ind1=" " tag="720">
      <subfield code="a">Hellgren, Zenia</subfield>
      <subfield code="e">author</subfield>
   </datafield>
   <datafield ind2=" " ind1=" " tag="260">
      <subfield code="c">2021-07-29T10:48:55Z</subfield>
   </datafield>
   <datafield ind2=" " ind1=" " tag="260">
      <subfield code="c">2021-07-29T10:48:55Z</subfield>
   </datafield>
   <datafield ind2=" " ind1=" " tag="260">
      <subfield code="c">2021</subfield>
   </datafield>
   <datafield ind2=" " ind1=" " tag="520">
      <subfield code="a">This paper takes the case of Catalonia to inquire into how ethnic diversity is represented in the public institutions, considering both pro-diversity agendas and the actual presence of people from diverse origins in different positions. Based on data from the REPCAT project, it applies a normative approach and suggests that an increased representation of immigrants and members of ethnic minority groups is necessary in order to fulfil intercultural policy aims, and, at a broader level, that the representation of ethnic diversity in public institutions such as the education system and the police force is a democratic necessity in the superdiverse European societies of today. Focus is then shifted towards how to address the persisting underrepresentation, considering targeting or transformative measures, and to what extent there is receptiveness for a transformation towards more ethnically plural public institutions that are more representative of the whole citizenry.</subfield>
   </datafield>
   <datafield tag="653" ind2=" " ind1=" ">
      <subfield code="a">Diversity gap</subfield>
   </datafield>
   <datafield tag="653" ind2=" " ind1=" ">
      <subfield code="a">Public institutions</subfield>
   </datafield>
   <datafield tag="653" ind2=" " ind1=" ">
      <subfield code="a">Catalonia</subfield>
   </datafield>
   <datafield tag="653" ind2=" " ind1=" ">
      <subfield code="a">Representation</subfield>
   </datafield>
   <datafield tag="653" ind2=" " ind1=" ">
      <subfield code="a">Targeting and transformative measures</subfield>
   </datafield>
   <datafield tag="653" ind2=" " ind1=" ">
      <subfield code="a">Discrimination</subfield>
   </datafield>
   <datafield ind2="0" ind1="0" tag="245">
      <subfield code="a">Representations of ethnic diversity: the role of public institutions for inclusionary citizenship practices</subfield>
   </datafield>
</record></metadata></record></GetRecord></OAI-PMH>